000 00342nam a22001337a 4500
020 _a978-93-848-5716-5
082 _a540
_bSIN/C
100 _aLAKHMIR SINGH, MANJIT KAUR
245 _aSCIENCE FOR TENTH CLASS PART - 2 CHEMISTRY
260 _aDELHI
_bS.CHAND SCHOOL BOOKS
300 _a360
650 _aCHEMISTRY FOR CLASS X
_zINDIA
942 _cBK
999 _c697
_d697